11埼玉県の市区町村 - Statistics

General Stats
  • This quiz has been taken 635 times
    625 since last reset
  • The average score is 42 of 72
Answer Stats
Answer % Correct
川口市
91%
川越市
90%
さいたま市浦和区
87%
熊谷市
87%
秩父市
86%
さいたま市大宮区
85%
所沢市
85%
越谷市
85%
春日部市
84%
上尾市
79%
蕨市
79%
さいたま市北区
78%
さいたま市南区
78%
飯能市
78%
和光市
78%
久喜市
78%
草加市
77%
深谷市
76%
朝霞市
76%
さいたま市西区
75%
本庄市
73%
鴻巣市
73%
三郷市
73%
さいたま市中央区
72%
さいたま市岩槻区
72%
入間市
71%
新座市
69%
ふじみ野市
69%
桶川市
68%
狭山市
67%
戸田市
67%
北本市
66%
さいたま市緑区
65%
志木市
65%
行田市
64%
東松山市
64%
羽生市
64%
蓮田市
64%
坂戸市
64%
さいたま市見沼区
63%
加須市
63%
富士見市
63%
吉川市
61%
白岡市
61%
さいたま市桜区
60%
八潮市
59%
幸手市
56%
鶴ヶ島市
56%
日高市
55%
秩父郡東秩父村
40%
秩父郡小鹿野町
39%
比企郡小川町
37%
秩父郡長瀞町
37%
比企郡嵐山町
33%
北足立郡伊奈町
30%
秩父郡横瀬町
30%
北葛飾郡松伏町
30%
北葛飾郡杉戸町
29%
比企郡川島町
28%
比企郡ときがわ町
28%
秩父郡皆野町
28%
入間郡三芳町
26%
比企郡滑川町
25%
比企郡鳩山町
25%
入間郡越生町
24%
比企郡吉見町
24%
南埼玉郡宮代町
24%
入間郡毛呂山町
22%
児玉郡上里町
22%
大里郡寄居町
22%
児玉郡美里町
20%
児玉郡神川町
19%
No matching quizzes found
Score Distribution
Percent of People with Each Score
Percentile by Number Answered
Your Score History
You have not taken this quiz since the last reset